| 000 | 02034nam a2200361 i 4500 | ||
|---|---|---|---|
| 001 | 121028 | ||
| 003 | ES-MaACL | ||
| 005 | 20250827063222.0 | ||
| 007 | t| | ||
| 008 | 070214e1974 sp |r l00|10|spa d | ||
| 017 |
_aB 36336-1974 _bOficina Depósito Legal Barcelona |
||
| 080 | _a001.94 OVNI (460) | ||
| 080 | _a908(460.237 Torredembarra) | ||
| 111 | 2 |
_aPremio Nacional de Periodismo Juan Mañé y Flaquer _n(5º. _d1974. _cTorredembarra) _9135179 |
|
| 245 | 1 | 0 |
_aPremio Nacional de Periodismo Juan Mañé y Flaquer / _cconvocado por el Centro de Iniciativas y Turismo de Torredembarra |
| 246 | 1 | _aPrecisiones para Torredembarra a veinte años vista | |
| 260 |
_aTorredembarra (Tarragona) : _bAyuntamiento de Torredembarra, _c1974 |
||
| 300 |
_aIX, 68 páginas ; _c25 cm |
||
| 505 | 0 | _aLa ufología en el periodismo / Juan José Plans, trabajo publicado en "Ya", 15 de junio. Precisiones para Torredembarra a veinte años vista, ex aequo: Miguel Català, seudónimo de Enrique Moreno Parés, con un artículo emitido en Tele Exprés de Barcelona, y Lluís M. Mezquida Gené “Petrófilo”, con 3 artículos publicados en "Diario español de Tarragona". Emisión radiofónica o serie sobre Torredembarra: Aníbal Arias Ruiz, con la serie "¿Y por qué no en Torredembarra?", emitida en RNE, 24 de marzo, 21 de abril y 19 de mayo de 1974 | |
| 650 | 7 |
_aOvnis _2embne _915781 |
|
| 651 | 4 |
_aTorredembarra- _xDescripción _9242050 |
|
| 700 | 1 |
_aPlans, Juan José, _d1943-2014 _eaut _992567 |
|
| 700 | 1 |
_aMoreno Parés, Enrique, _d-2010 _eaut _9242051 |
|
| 700 | 1 |
_aMezquida y Gené, Luis María, _d1920-2004 _eaut _980829 |
|
| 700 | 1 |
_aArias Ruiz, Aníbal, _d-1982 _eaut _922804 |
|
| 710 | 1 |
_aTorredembarra. _bAyuntamiento. _bCentro de Iniciativas y Turismo _eisb _96972 |
|
| 740 | 3 | 2 | _aLa ufología en el periodismo |
| 740 | 1 | 2 | _a¿Y por qué no en Torredembarra? |
| 852 | 4 |
_aES-MaACL _bR.90456 _cDEPO2 _jE-6468 |
|
| 942 |
_2udc _cMONOGRAFIA _n0 |
||
| 999 |
_c121028 _d121028 |
||